| 000 | 00970cam a2200337 4500 | ||
|---|---|---|---|
| 001 | J115686 | ||
| 008 | 011121n2002 000 0 eng u | ||
| 035 | _a(Sirsi) u119814 | ||
| 050 | _a333.72 | ||
| 110 |
_aRoyal Institution of Chartered Surveyors _94900 |
||
| 240 | _aRICS global manifesto | ||
| 245 | _aRICS global manifesto | ||
| 260 |
_aLondon _bRICS _c2002 |
||
| 300 |
_a46p. _c30cm. |
||
| 520 | _aEdition published in September 2002 with printing errors. A corrected version will be published in October 2002. | ||
| 650 | _aBUILT ENVIRONMENT | ||
| 650 | _aAGENDA FOR CHANGE | ||
| 650 | _aGLOBAL DEVELOPMENT | ||
| 650 | _aGLOBAL ECONOMY | ||
| 650 | _aGLOBAL MANIFESTO | ||
| 650 | _aGLOBALISATION | ||
| 650 | _aHOUSING | ||
| 650 |
_aLand use _96251 |
||
| 650 | _aRICS | ||
| 650 | _aRURAL COMMUNITIES | ||
| 650 | _aSURVEYING | ||
| 650 |
_aSustainability _96271 |
||
| 650 | _aTRANSPORT | ||
| 690 | _aDEVELOPMENT-SUSTAINABLE | ||
| 942 | _n0 | ||
| 999 |
_c102410 _d102410 |
||